Livres de Mary Higgins Clark - Statistiques

Statistiques générales
  • Ce quiz a été pris 22 fois
  • Le résultat moyen est 8 sur 50
Statistiques - réponses
Romans % Correct
2 La Nuit du renard
78%
1 La Maison du guet
56%
3 La Clinique du Docteur H.
39%
4 Un cri dans la nuit
33%
13 Ce que vivent les roses
28%
23 Dans la rue où vit celle que j’aime
28%
33 Où es-tu maintenant ?
28%
29 Rien ne vaut la douceur du foyer
28%
30 Deux petites filles en bleu
22%
20 Et nous nous reverrons
22%
41 L’Affaire Cendrillon
22%
47 La Reine du bal
22%
40 Le Bleu de tes yeux
22%
5 Le Démon du passé
22%
9 Recherche jeune femme aimant danser
22%
12 Souviens-toi
22%
11 Un jour tu verras
22%
48 Dernière Danse
17%
7 Dors ma jolie
17%
50 En secret
17%
42 La boîte à musique
17%
31 La croisière de Noël
17%
43 La mariée était en blanc
17%
6 Ne pleure pas ma belle
17%
46 Noir comme la mer
17%
10 Nous n’irons plus au bois
17%
18 Tu m’appartiens
17%
49 De si belles fiançailles
11%
14 Douce Nuit
11%
15 La Maison du clair de Lune
11%
27 La nuit est mon royaume
11%
8 Le Billet gagnant
11%
34 Le Mystère de Noël
11%
44 Le Temps des regrets
11%
17 Ni vue, ni connue
11%
25 Toi que j’aimais tant
11%
39 Une chanson douce
11%
24 Ce soir je veillerai sur toi
6%
32 Cette chanson que je n’oublierai jamais
6%
35 Je t’ai donné mon cœur
6%
45 Le Piège de la Belle au bois dormant
6%
38 Les Années perdues
6%
26 Une seconde chance
6%
19 Une si longue nuit
6%
21 Avant de te dire adieu
0%
28 Le voleur de Noël
0%
16 L’Homme d’à côté
0%
36 L’ombre de ton sourire
0%
37 Quand reviendras-tu ?
0%
22 Trois jours avant Noël
0%
Aucun quiz correspondant
Distribution des résultats
% des personnes avec chaque résultat
Percentile par nombre de réponses
Votre historique - résultats
Vous n’avez pas pris ce quiz